Analisis de la oracion compuesta (ensayo metodologico) /

Guardado en:
Autor Principal: Mendoza Diez, Alvaro
Formato: Libro
Publicado: Trujillo, Peru : Universidad Nacional De Trujillo, 1958
Materias:
Etiquetas: Agregar Etiqueta
Sin Etiquetas, Sea el primero en etiquetar este registro!
LEADER 00523nam a22001575a 4500
001 EHU.bham005421
003 AR-BHAM
005 20081016112314.0
008 130507s1958##################000#0#####d
082 4 6 |a 465.3 
100 1 |a Mendoza Diez, Alvaro 
245 1 0 |a Analisis de la oracion compuesta (ensayo metodologico) /  |c Alvaro Mendoza Diez. 
260 |a Trujillo, Peru :  |b Universidad Nacional De Trujillo,  |c 1958 
300 |a 66 p. 
653 |a Castellano-estructura 
859 |a AR-BHAM  |b BIB. HUMANIDADES - General  |h 465.3  |i M523  |p 1215.61  |t Ej.1